00817 a2200193 4500010001400000020002300014035001300037037001800050082001200068090001500080100002300095245016200118260004900280270008500329300003100414942002700445999001500472952013600487 aENG-85825 a8131301435c695.00 aEN-69358 bD.B.Act / Pub14a371.262 c3498d34981 aYogesh Kumar Singh1 aEducation and mental measurementbmodified syllabus Indian universities/ B.Ed training institute and colleges/ Department of educationcby Yogesh Kumar Singh aNew DelhibAPH Publishing Corporatioonc2007 a5, Ansari Road, Darya GanjbNew Delhie110 002k011- 23274050maphbooks@vsnl.net aviii, 360 p.b22 cm ( Hb.) adplcENk371.262 / YOG c3431d3431 00102ddc40718NFICaDBADbDBADeDBAD/PUBg695.00l0o371.262 YOGpEN-69358r2008-09-15 00:00:00t1u3657v695.00w2008-09-15yEN